Préfectures du Centre Val-de-Loire - Statistiques

Statistiques générales
  • Ce quiz a été pris 149 fois
  • Le résultat moyen est 5 sur 6
Statistiques - réponses
Hint Réponse % Correct
Loiret Orléans
88%
Indre-et-Loire Tours
86%
Cher Bourges
74%
Indre Chateauroux
74%
Loir-et-Cher Blois
72%
Eure-et-Loir Chartres
72%
Aucun quiz correspondant
Distribution des résultats
% des personnes avec chaque résultat
Percentile par nombre de réponses
Votre historique - résultats
Vous n’avez pas pris ce quiz